Culture Générale - Série 357 - Statistiques

Statistiques générales
  • Ce quiz a été pris 281 fois
  • Le résultat moyen est 7 sur 10
Statistiques - réponses
Question Réponse % Correct
A quel mot correspond la lettre "D" quand vous regardez un film en 3D ? Dimension
97%
Par temps de pluie, à quelle vitesse peut-on rouler sur une nationale ? 80 km/h
95%
Dans quelle mer le fleuve français appelé Orne se jette-t-il ? La Manche
87%
Quelle profession est liée à Séville dans le titre d'un opéra de Rossini ? Barbier
82%
Dans quelle sitcom Matthew Perry a-t-il joué le rôle de Chandler Bing ? Friends
76%
A quel fromage de chèvre AOC le nom de Chavignol est-il associé ? Le crottin
63%
Selon la célèbre maxime, à quel coeur n'y a-t-il "rien d'impossible" ? A coeur vaillant
52%
Quel était l'ancien nom du stade de football de l'Olympique Lyonnais ? Gerland
48%
Quelle ex-chanteuse des Supremes sort un album solo en 1970 ? Diana Ross
41%
A quel auteur de pièces de théâtre doit-on "La Mouette" en 1896 ? Anton Tchekhov
19%
Aucun quiz correspondant
Distribution des résultats
% des personnes avec chaque résultat
Percentile par nombre de réponses
Votre historique - résultats
Vous n’avez pas pris ce quiz